Etude méthodique et raisonnée des homonymes français ou Exercices comparés sur tous les mots qui, sous une même prononciation suivent une orthographe différente / (Record no. 162372)

MARC details
000 -LEADER
campo de control de longitud fija 00778nam a2200181 i 4500
001 - NÚMERO DE CONTROL
campo de control 162372
003 - IDENTIFICADOR DE NÚMERO DE CONTROL
campo de control ES-MaACL
005 - FECHA Y HORA DE LA ÚLTIMA TRANSACCIÓN
campo de control 20230906212516.0
008 - DATOS DE LONGITUD FIJA--INFORMACIÓN GENERAL
campo de control de longitud fija 041108s1841 fr |||| | fre d
040 ## - FUENTE DE CATALOGACIÓN
Centro catalogador/agencia de origen CAM
Lengua de catalogación spa
Centro/agencia transcriptor CAM
100 1# - ENTRADA PRINCIPAL--NOMBRE DE PERSONA
Nombre de persona Poitevin, Prosper (
Fechas asociadas al nombre 1804-1884)
9 (RLIN) 131238
245 10 - MENCIÓN DEL TÍTULO
Título Etude méthodique et raisonnée des homonymes français ou Exercices comparés sur tous les mots qui, sous une même prononciation suivent une orthographe différente /
Mención de responsabilidad, etc. par M. Poitevin.
250 ## - MENCION DE EDICION
Mención de edición 2e éd. ref.
260 ## - PUBLICACIÓN, DISTRIBUCIÓN, ETC.
Lugar de publicación, distribución, etc. Paris :
Nombre del editor, distribuidor, etc. chez L. Hachette,
Fecha de publicación, distribución, etc. 1841 (
Fabricante Typographie de Firmin Didot Frères)
300 ## - DESCRIPCIÓN FÍSICA
Extensión 180 p. ;
Dimensiones 19 cm.
650 #4 - PUNTO DE ACCESO ADICIONAL DE MATERIA--TÉRMINO DE MATERIA
Término de materia o nombre geográfico como elemento de entrada Lengua francesa.
9 (RLIN) 140408
852 ## - LOCALIZACIÓN
Ubicación ES-MaACL
Número de control de estantería T-1308-F-3
Nota libre -- Enc. hol., conservando la cub. original
-- -- Enc. en un vol. facticio
Holdings
Estatus retirado Estado de pérdida Estado de daño No para préstamo Colección Biblioteca de origen Biblioteca actual Ubicación en estantería Fecha de adquisición Total de préstamos Signatura topográfica completa Código de barras Visto por última vez Precio de reemplazo Tipo de ítem Koha
        Colección de folletos Biblioteca del Ateneo de Madrid Biblioteca del Ateneo de Madrid Depósito folletos 17/01/2008   T-1308-F-3 1170107 23/02/2023 23/02/2023 Folleto